Score 0/33 Timer 05:00
0 Plays Today
House Word % Correct
RavenclawWit
84.1%
Ravenclawbeyond
84.1%
Ravenclawmeasure
84.1%
Ravenclawis
84.1%
Ravenclawgreatest
84.1%
Ravenclawtreasure.
84.1%
Ravenclawman's
81.2%
Gryffindorand
66.7%
Hufflepuffand
66.7%
Slytherinto
63.8%
Hufflepuffare
56.5%
HufflepuffHufflepuffs
53.6%
Gryffindorchivalry
52.2%
GryffindorGryffindors
52.2%
HufflepuffThose
50.7%
Gryffindordaring,
49.3%
Gryffindornerve
47.8%
House Word % Correct
Gryffindorapart.
47.8%
Hufflepuffpatient
47.8%
Hufflepufftrue
47.8%
Hufflepuffof
47.8%
SlytherinSlytherin
47.8%
GryffindorTheir
46.4%
Hufflepufftoil.
46.4%
Slytherinyou
46.4%
Gryffindorset
44.9%
Hufflepuffunafraid
44.9%
Slytherinwill
44.9%
Slytherinon
44.9%
Slytherinhelp
43.5%
Slytherinway
43.5%
Slytherinyour
43.5%
Slytheringreatness.
43.5%

You're not logged in!

Compare scores with friends on all Sporcle quizzes.
OR
Log In

Sporcle TV

Today on Sporcle TV


Watch our educational content, quiz creation guides, and fun videos on Sporcle TV.

Show Comments

Extras

Created Jan 11, 2013ReportNominate
Tags:Harry Potter Quiz, house, motto

Top Quizzes Today


Score Distribution

Paid Content

Your Account Isn't Verified!

In order to create a playlist on Sporcle, you need to verify the email address you used during registration. Go to your Sporcle Settings to finish the process.

Report this User

Report this user for behavior that violates our Community Guidelines.

Details: